Statistiques concernant Culture Générale - Série 980

Cliquez ici pour prendre le quiz!

Statistiques générales

  • Ce quiz a été pris 161 fois
  • Le résultat moyen est 7 sur 10

Statistiques - réponses

QuestionRéponse% Correct
Quel objet peut être de poche, de chevet, à pétrole ou hallogène ?lampe
99%
Le cabaret parisien célébre pour son french cancan est le Moulin-...Rouge
99%
Quel ruminant des savanes africaines est le plus haut mammifère terrestre ?girafe
92%
En 1941, l'écrivain et alpiniste Roger Frison-Roche publie son roman "Premier de...cordée
87%
Quel chanteur français interprète la chanson "Le France" en 1975 ?Michel Sardou
75%
Quelle ville d'Afrique, capitale de la République démocratique du Congo, s'appelait autrefois Léopoldville ?Kinshasa
69%
Pour quel film Coluche a-t-il obtenu le César du meilleur acteur, en 1984 ?Tchao Pantin
68%
En 1415, quelle bataille a vu la victoire des Anglais sur les Français ?Azincourt
35%
Quelle ville du Portugal est la capitale de la région de l'Algarve ?Faro
19%
Quel est le nom actuel de la place parisienne appelée autrefois “place du Trône” ?place de la Nation
8%

Distribution des résultats

Percentile par nombre de réponses

% des personnes avec chaque résultat

Votre développement - résultats

Vous n’avez pas pris ce quiz